Integrated HTML and CSS : (Record no. 4295)

MARC details
000 -LEADER
fixed length control field 01347cam a22003254a 4500
001 - CONTROL NUMBER
control field 13632413
003 - CONTROL NUMBER IDENTIFIER
control field 20170118124706.0
005 - DATE AND TIME OF LATEST TRANSACTION
control field 20240606080932.0
008 - FIXED-LENGTH DATA ELEMENTS--GENERAL INFORMATION
fixed length control field 040622s2004 caua 001 0 eng
010 ## - LIBRARY OF CONGRESS CONTROL NUMBER
LC control number 2004109318
020 ## - INTERNATIONAL STANDARD BOOK NUMBER
International Standard Book Number 0782143784
040 ## - CATALOGING SOURCE
Original cataloging agency DLC
Transcribing agency DLC
Modifying agency DLC
042 ## - AUTHENTICATION CODE
Authentication code pcc
050 00 - LIBRARY OF CONGRESS CALL NUMBER
Classification number QA76.76.H94
Item number D4187 2005
082 00 - DEWEY DECIMAL CLASSIFICATION NUMBER
Classification number 006.7/4
Edition information 22
100 1# - MAIN ENTRY--PERSONAL NAME
Personal name DeBolt, Virginia.
245 10 - TITLE STATEMENT
Title Integrated HTML and CSS :
Remainder of title a smarter, faster way to learn /
260 ## - PUBLICATION, DISTRIBUTION, ETC.
Place of publication, distribution, etc. San Francisco, Calif. :
Name of publisher, distributor, etc. SYBEX,
Date of publication, distribution, etc. c2005.
300 ## - PHYSICAL DESCRIPTION
Extent xix, 377 p. :
Other physical details ill. ;
Dimensions 23 cm. +
Accompanying material 1 CD-ROM (4 3/4 in.).
500 ## - GENERAL NOTE
General note Includes index.
538 ## - SYSTEM DETAILS NOTE
System details note System requirements for accompanying CD-ROM: PC; Windows 98/NT/2000/XP or Macintosh computer; Mac OS X 10.2.8 or later.
650 #0 - SUBJECT ADDED ENTRY--TOPICAL TERM
Topical term or geographic name entry element HTML (Document markup language)
650 #0 - SUBJECT ADDED ENTRY--TOPICAL TERM
Topical term or geographic name entry element Cascading style sheets
856 42 - ELECTRONIC LOCATION AND ACCESS
Materials specified Contributor biographical information
Uniform Resource Identifier <a href="http://www.loc.gov/catdir/enhancements/fy0619/2004109318-b.html">http://www.loc.gov/catdir/enhancements/fy0619/2004109318-b.html</a>
856 42 - ELECTRONIC LOCATION AND ACCESS
Materials specified Publisher description
Uniform Resource Identifier <a href="http://www.loc.gov/catdir/enhancements/fy0619/2004109318-d.html">http://www.loc.gov/catdir/enhancements/fy0619/2004109318-d.html</a>
856 41 - ELECTRONIC LOCATION AND ACCESS
Materials specified Table of contents only
Uniform Resource Identifier <a href="http://www.loc.gov/catdir/enhancements/fy0619/2004109318-t.html">http://www.loc.gov/catdir/enhancements/fy0619/2004109318-t.html</a>
906 ## - LOCAL DATA ELEMENT F, LDF (RLIN)
a 7
b cbc
c orignew
d 2
e epcn
f 20
g y-gencatlg
942 ## - ADDED ENTRY ELEMENTS (KOHA)
Source of classification or shelving scheme Library of Congress Classification
Koha item type Books
Holdings
Withdrawn status Lost status Source of classification or shelving scheme Damaged status Not for loan Home library Current library Date acquired Total checkouts Full call number Barcode Date last seen Date last checked out Price effective from Koha item type
    Library of Congress Classification     Murang'a University of Technology Library Murang'a University of Technology Library 18/01/2017 4 QA76.76.H94 D4187 2005 004567 30/08/2024 16/03/2023 18/01/2017 Books